Rozhodující inovace ve výzkumu a vývoji.
V súčasných podmienkach sa na podniky vyvíja tlak efektívne previesť inováciu na výrobky úspešné na trhu. Tradičný model lineárneho postupného rozvoja výrobku už nie je dostatočne efektívny. Najväčším problémom je riadenie inovácií a výskumu a vývoja (Research+Development - R+D). Návrh modelu s násl...
Gespeichert in:
| 1. Verfasser: | |
|---|---|
| Weitere Verfasser: | |
| Format: | Buchkapitel |
| Sprache: | Tschechisch |
| Schlagworte: | |
| Tags: |
Keine Tags, Fügen Sie das erste Tag hinzu!
|
MARC
| LEADER | 00000naa a2200000 4500 | ||
|---|---|---|---|
| 001 | r001046 | ||
| 005 | 20220906091922.0 | ||
| 041 | 0 | |a cze | |
| 044 | |a [CS] | ||
| 245 | 1 | 0 | |a Rozhodující inovace ve výzkumu a vývoji. |c Mu-La Hsu, G. Haour |
| 520 | |a V súčasných podmienkach sa na podniky vyvíja tlak efektívne previesť inováciu na výrobky úspešné na trhu. Tradičný model lineárneho postupného rozvoja výrobku už nie je dostatočne efektívny. Najväčším problémom je riadenie inovácií a výskumu a vývoja (Research+Development - R+D). Návrh modelu s následovnými aspektami: výber pracovníkov pre R+D z hľadiska ich tvorivosti a zmyslu pre inováciu, pravidelné doškolovanie a zvyšovanie kvalifikácie, zavedenie nelineárnej organizácie vedenia. | ||
| 610 | 2 | 0 | |a inovácia |
| 610 | 2 | 0 | |a výskum podnikový |
| 610 | 2 | 0 | |a vývoj výrobku |
| 610 | 2 | 0 | |a zvyšovanie kvalifikácie |
| 610 | 2 | 0 | |a riadenie podnikové |
| 610 | 2 | 0 | |a modely ekonomické |
| 100 | 1 | |a Mu-La Hsu | |
| 700 | 1 | |a Haour, Georges | |